000 02142nam a2200457 c 4500
003 BLK
005 20250708125806.0
008 180411b bul|||||r ||||||| ||bul||
020 _a978-619-199-084-9
020 _a3800083818021
040 _aBLK
041 _aBUL
_cBUL
080 _aСтроителство. Строителни материали. Строително-монтажни работи
_b69
_x(035)(02.053.2)
_z69(035)(02.053.2)
139 _aШулд, Керстин М.
_bШ 96
245 1 0 _aСтроителната площадка
_bЕнциклопедия за най-малките : С повдигащи се капачета на всяка страница
_cКерстин М. Шулд; прев. Розалина Борилова Палазова.
257 _aDEU
260 _bФют
_c2015
_fотпеч. в Италия
_aСофия
300 _a16 с.
_bс цв. ил.
_c20 см
380 _aDN
490 _aПоредица Защо? Какво? Как?
_9208015
_v13
500 _aОриг. загл. Wieso? Weshalb? Warum? Die Baustelle / Ill. und Text Kerstin M. Schuld. - Керстин М. Шулд погрешно означена като Катрин. - Кн. отпеч. на ламиниран картон. Доп. тир. 2022
650 4 _aСтроителство
_9172631
650 4 _aЕнциклопедии, детски
_9154962
653 _aстроителство
653 _aенциклопедии
653 _aлитература за деца
653 _aдетска литература
659 _aН
700 1 _aШулд, Катрин М.
_eтекст и ил.
_9341772
700 1 _aПалазова, Розалина Борилова
_gЖурналист. Преводач от немски език.
_9105705
852 _aЦб 274467
856 4 _qpdf
856 4 _qpdf
942 _cKNG
_n0
_067
_s1
944 _aCR
_c01.06.2016
_lГеновева Генчева
_k30560
944 _aED
_c17.06.2016
_lф /
_kЛюдмила_Стоянова
999 _c179402
_d179402
999 _d179402
999 _d179402
999 _d179402
999 _d179402